NTA UGC NET/JRF/SET HISTORY: (Record no. 184465)

MARC details
000 -LEADER
fixed length control field 00554nam a22001817a 4500
005 - DATE AND TIME OF LATEST TRANSACTION
control field 20220120154244.0
010 ## - LCCN (DPL NO)
LC control number ENG-131281
020 ## - INTERNATIONAL STANDARD BOOK NUMBER
International Standard Book Number 978-93-90389-90-2
Terms of availability 425.00
035 ## - SYSTEM CONTROL NUMBER
System control number EN-114813
037 ## - SOURCE OF ACQUISITION
Source of stock number/acquisition DBAD
082 ## - DEWEY DECIMAL CLASSIFICATION NUMBER
Classification number 000
100 ## - MAIN ENTRY--PERSONAL NAME
Personal name Vaidya, Priya
245 ## - TITLE STATEMENT
Title NTA UGC NET/JRF/SET HISTORY:
Statement of responsibility, etc Priya Vaidya
Remainder of title Paper-II/
260 ## - PUBLICATION, DISTRIBUTION, ETC. (IMPRINT)
Place of publication, distribution, etc New Delhi
Name of publisher, distributor, etc Prabhat Exam
Date of publication, distribution, etc 2022
270 ## - ADDRESS
City New Delhi
Address 4/19, Asaf Ali Road
Postal code 110002
Telephone number 23289555, 23289666
Electronic mail address prabhatbook@gmail.com
300 ## - PHYSICAL DESCRIPTION
Extent 140p.
Dimensions 28cm(pbk)
942 ## - ADDED ENTRY ELEMENTS (KOHA)
Source of classification or shelving scheme Dewey Decimal Classification
Item type English Books
Classification part 000
Call number suffix VAI
Holdings
Withdrawn status Lost status Not for loan Collection code Home library Current library Date acquired Source of acquisition Cost, normal purchase price Full call number Barcode Copy number Cost, replacement price Koha item type
      Non-fiction Patel Nagar Patel Nagar 20/01/2022 DBAD/PUB 425.00 000 VAI EN-114813 1 425.00 English Books

© Delhi Public Library
Hit Counter
free hit counter